| 000 | 00773nam a2200217 a 4500 | ||
|---|---|---|---|
| 001 | 000042665 | ||
| 005 | 20201002040318.0 | ||
| 008 | 140204s1969 sp 000 0 spa d | ||
| 040 |
_aDO-SdBNP _bspa _cBNPHU |
||
| 041 | 1 | 7 |
_aspa _heng |
| 082 |
_axxxx _bxxxx |
||
| 100 | 1 |
_aJones, Leroi, _d1934- _969953 |
|
| 240 | 1 | 0 |
_aBlues people negro Music in white American _lEspañol |
| 245 | 1 | 0 |
_aBlues people : _bmúsica negra en la América blanca / _cLeroi Jones ; traducción, Carlos Ribalta. |
| 260 |
_aBarcelona : _bLumen, _c1969. |
||
| 300 |
_a301 p. ; _c19 cm. |
||
| 490 | 1 |
_aPalabra en el tiempo _v48 |
|
| 500 | _aIncluye datos biográficos del autor en la solapa de la contracubierta | ||
| 700 | 1 | 2 |
_aRibalta, Carlos _etr. _969954 |
| 830 | 0 |
_aPalabra en el tiempo ; _n48 _969955 |
|
| 999 |
_c42154 _d42154 |
||